000 00309nam a2200133Ia 4500
008 240624s9999 xx 000 0 und d
041 _aeng
082 _a658.4012 LEO
100 _aLEON ALEXIS
245 _aERP DEMYSTIFIED
260 _c2004
_aNew Delhi
_bTata McGrawhill
300 _axiii, : 485
365 _cRS
999 _c668
_d668